[Event "BEL-ch U14"]
[Site "Blankenberge"]
[Date "2017.04.14"]
[Round "8"]
[White "Dallemagne, Brieuc"]
[Black "Zotikishvili, Dimitri"]
[Result "0-1"]
[WhiteElo "1605"]
[BlackElo "1389"]
[PlyCount "76"]
[EventDate "2017.04.09"]
[EventType "swiss"]
[EventRounds "9"]
[EventCountry "BEL"]
[SourceTitle "CBM 178 Extra"]
[Source "ChessBase"]
[SourceDate "2017.06.22"]
[SourceVersion "1"]
[SourceVersionDate "2017.06.22"]
[SourceQuality "1"]

1. d4 f5 2. Bf4 e6 3. Nf3 Nf6 4. e3 g6 5. Nbd2 Bg7 6. Bd3 0-0 7. h3 b6 8. Ng5 Nh5 9. Ndf3 Nxf4 10. exf4 h6 11. Nh4 hxg5 12. Nxg6 Rf7 13. c3 Qe8 14. fxg5 Bb7 15. Rh2 Bf8 16. h4 Rh7 17. Nf4 Bd6 18. g3 Bxf4 19. gxf4 Nc6 20. Kd2 Ne7 21. h5 Kf8 22. Qg1 Rxh5 23. g6 Rxh2 24. Qxh2 Nxg6 25. Rg1 Kg7 26. Be2 Qh8 27. Bh5 Bf3 28. Rxg6+ Kf8 29. Rg5 Ke7 30. Qh3 Bd5 31. Qh4 Kd6 32. Qg3 Bxa2 33. Bf3 Bd5 34. Bxd5 Kxd5 35. Rg7 Kd6 36. d5 Rd8 37. dxe6 dxe6 38. Qd3+ Kc6 0-1

[Event "Agneaux St Lo op U20 16th"]
[Site "Agneaux"]
[Date "2014.07.07"]
[Round "2"]
[White "Gora, Antonina"]
[Black "Dallemagne, Brieuc"]
[Result "1-0"]
[WhiteElo "1832"]
[BlackElo "1601"]
[PlyCount "47"]
[EventDate "2014.07.06"]
[EventType "swiss"]
[EventRounds "9"]
[EventCountry "FRA"]
[SourceTitle "EXT 2015"]
[Source "ChessBase"]
[SourceDate "2014.11.20"]
[SourceVersion "1"]
[SourceVersionDate "2014.11.20"]
[SourceQuality "1"]

1. e4 e6 2. d4 d5 3. e5 c5 4. c3 Nc6 5. a3 Qb6 6. Nf3 f6 7. exf6 Nxf6 8. b4 cxd4 9. cxd4 a6 10. Bd3 Bd6 11. 0-0 0-0 12. Bb2 Bd7 13. Ne5 Rad8 14. h3 Qc7 15. Qe2 Rfe8 16. Nd2 Ne7 17. Rac1 Bc6 18. Ndf3 Kh8 19. Nf7+ Kg8 20. Nxd8 Qxd8 21. Qxe6+ Kh8 22. Ng5 Qc7 23. Nf7+ Kg8 24. Nxd6+ 1-0